1 Sentence Summary - TV Shows - Statistics

General Stats
  • This quiz has been taken 43 times
  • The average score is 7 of 14
Answer Stats
Hint Answer % Correct
Man with terminal cancer creates a drug lab in an old RV to support his financially failing family Breaking Bad
81%
A boy goes missing and two hooligans find a bald girl with superpowers Stranger Things
81%
456 people sign up for a secretly deadly game to win billions of dollars Squid Game
78%
A group of zombie apocalypse survivors spend way too many seasons trying to find a safe place to live The Walking Dead
78%
A woman's life suddenly falls apart when she gets arrested for her decade-old past and tries to make friends with her jailmates Orange Is The New Black
73%
Daughter of famous surgeon tries out the doctor life too, finds out it's a lot more challenging than it seems Grey's Anatomy
68%
Three kids try to escape from an evil guardian who killed their parents and wants their inheritance A Series Of Unfortunate Events
54%
Anime about a perpetually 10 year old boy who travels the world to capture imaginary animals Pokemon
46%
A man with heightened observational skills and incredible memory pretends to be a psychic detective to fool the police Psych
43%
Three high school students create a web show after a teacher forces them to film a talent show iCarly
41%
Two twins stay at a summer camp in Oregon that has many, many mysteries hiding inside of it Gravity Falls
27%
A Canadian-animated humorous parody of Survivor, where the host was arrested at the end of season 4 Total Drama
16%
Single mom tries to save her son, who has superpowers, from a huge lightning beast Raising Dion
11%
Teenager finds out she can teleport but quickly finds out she has no control over where she will teleport to Impulse
3%
No matching quizzes found
Score Distribution
Percent of People with Each Score
Percentile by Number Answered
Your Score History
You have not taken this quiz